[Event "1.Open A Città di Padova"]
[Site "Padova"]
[Date "1998.12.20"]
[Round "6.8"]
[White "Busà, Michele"]
[Black "Favero, Graziano"]
[Result "0-1"]
[WhiteElo "1567"]
[BlackElo "1705"]
[Annotator "Gabriele Ballarin"]
[PlyCount "100"]
[EventDate "1998.12.13"]
[EventType "swiss"]
[EventRounds "6"]
[EventCountry "ITA"]

{[%evp 0,94,23,23,85,16,13,11,17,17,33,37,37,21,24,28,18,18,10,-33,-2,-1,67,29,22,8,41,36,56,27,56,23,79,74,85,65,104,72,92,60,60,-36,-26,-52,-41,-50,-32,-50,-50,-50,-46,-48,-69,-233,-238,-241,-242,-238,-224,-239,-219,-244,-212,-205,-189,-199,-204,-217,-220,-212,-114,-139,-121,-130,-115,-174,-109,-119,-111,-122,0,-95,-93,-148,-24,-165,-150,-137,-119,-227,-243,-227,-223,-221,-221,-285,-208]} 1. Nf3 g6 2. g3 Bg7 3. Bg2 Nf6 4. d4 d6 5. O-O O-O 6. c4 c5 7. Nc3 Nc6 8. dxc5 dxc5 9. Qc2 Qa5 10. Bd2 Nb4 11. Qa4 Qb6 12. Qb3 Bf5 13. Na4 Qd6 14. Bxb4 cxb4 15. Rad1 Qc7 16. Qxb4 Rac8 17. b3 e5 18. Nh4 Bg4 19. Bf3 Bd7 20. Qxb7 Bxa4 21. Qxc7 Rxc7 22. bxa4 Rxc4 23. Rd2 e4 24. Bg2 Rxa4 25. e3 Ra5 26. Rfd1 g5 27. Nf3 exf3 28. Bxf3 g4 29. Bc6 Rc5 30. Rd6 Rc8 31. Ba4 Ne4 32. Rd8+ Rxd8 33. Rxd8+ Bf8 34. Rd7 Rg5 35. Bc2 Re5 36. Rxa7 Ng5 37. Bb3 Nh3+ 38. Kg2 Re7 39. Ra5 Bg7 40. Ra8+ Bf8 41. Ra5 Rc7 42. Kf1 Rc1+ 43. Ke2 Bb4 44. Rh5 Re1+ 45. Kd3 Nxf2+ 46. Kc4 Bd2 47. Kb5 Bxe3 48. Rf5 Rb1 49. Rxf7 Rxb3+ 50. axb3 Kxf7 0-1

[Event "1.Open A Città di Padova"]
[Site "Padova"]
[Date "1998.12.20"]
[Round "6.9"]
[White "Roberti, Ignazio"]
[Black "Roccaro, Giovanni"]
[Result "1-0"]
[WhiteElo "1700"]
[BlackElo "1600"]
[Annotator "Gabriele Ballarin"]
[PlyCount "47"]
[EventDate "1998.12.13"]
[EventType "swiss"]
[EventRounds "6"]
[EventCountry "ITA"]

1. e4 c5 2. Nf3 e6 3. d4 cxd4 4. Nxd4 Nc6 5. Nc3 a6 6. Be3 Bb4 7. Be2 Nf6 8. Bf3 Qc7 9. O-O Ne5 10. Bf4 Nxf3+ 11. Qxf3 e5 12. Bg3 b5 13. Nd5 Nxd5 14. exd5 Bb7 15. Nf5 g6 16. Ng7+ Kf8 17. Qf6 Rg8 18. Bxe5 Be7 19. Qf4 Qd8 20. Qh6 Bg5 21. Ne6+ Ke8 22. Qf8+ Rxf8 23. Ng7+ Ke7 24. d6# 1-0

[Event "1.Open A Città di Padova"]
[Site "Padova"]
[Date "1998.12.20"]
[Round "6.10"]
[White "Marigo, Narciso"]
[Black "Navarro, Stefano"]
[Result "1/2-1/2"]
[WhiteElo "1687"]
[BlackElo "1567"]
[Annotator "Gabriele Ballarin"]
[PlyCount "112"]
[EventDate "1998.12.13"]
[EventType "swiss"]
[EventRounds "6"]
[EventCountry "ITA"]

1. d4 d5 2. Nf3 Nc6 3. Bf4 Bf5 4. c3 e6 5. e3 a6 6. Nbd2 Nf6 7. h3 Be7 8. Ne5 Nxe5 9. Bxe5 Bd6 10. Nf3 Bxe5 11. Nxe5 Nd7 12. Nf3 O-O 13. Bd3 Bxd3 14. Qxd3 c5 15. O-O Rc8 16. Rfe1 c4 17. Qc2 Nf6 18. Nd2 Re8 19. e4 Nxe4 20. Nxe4 dxe4 21. Rxe4 Qf6 22. Rae1 b5 23. Qe2 Qd8 24. Qh5 Qd7 25. Rh4 h6 26. Rg4 Kh8 27. Rge4 Rcd8 28. g4 Kg8 29. g5 hxg5 30. Qxg5 Qe7 31. Qh5 Qf6 32. Re5 Re7 33. R1e3 Qh6 34. Qg4 Red7 35. Rh5 Qf6 36. Rf3 Qe7 37. Rg3 Qf6 38. Rg5 g6 39. Qh4 Kg7 40. Qe4 Rd5 41. a4 R8d7 42. f4 Kf8 43. Kg2 Rd8 44. Re3 Rf5 45. Kg3 Rdd5 46. Rxf5 Rxf5 47. Qf3 Rh5 48. Qg4 Ke7 49. Re5 Rxe5 50. dxe5 Qh8 51. Qf3 Qc8 52. Qe3 Qd7 53. Qc5+ Ke8 54. Kg2 Qd2+ 55. Qf2 Qd3 56. Qf3 Qd2+ 1/2-1/2

[Event "1.Open A Città di Padova"]
[Site "Padova"]
[Date "1998.12.20"]
[Round "6.11"]
[White "Marson, Luca"]
[Black "Opacic, Alexandar"]
[Result "1-0"]
[WhiteElo "1633"]
[BlackElo "1594"]
[Annotator "Gabriele Ballarin"]
[PlyCount "63"]
[EventDate "1998.12.13"]
[EventType "swiss"]
[EventRounds "6"]
[EventCountry "ITA"]

1. e4 c5 2. Nf3 g6 3. d4 Bg7 4. Nc3 cxd4 5. Nxd4 d6 6. Be3 Nf6 7. f3 O-O 8. Qd2 Re8 9. Bc4 Qc7 10. Bb3 Bd7 11. O-O-O a6 12. g4 Nc6 13. h4 Nxd4 14. Bxd4 b5 15. Kb1 a5 16. g5 Nh5 17. Bxg7 Nxg7 18. h5 Nxh5 19. Rdg1 e6 20. Rxh5 gxh5 21. Qh2 a4 22. Bd5 Rac8 23. Qxh5 exd5 24. Rh1 Be6 25. Qxh7+ Kf8 26. Qh6+ Ke7 27. exd5 b4 28. Qf6+ Kd7 29. dxe6+ Rxe6 30. Qxf7+ Re7 31. Qf5+ Kc6 32. Qb5# 1-0

[Event "1.Open A Città di Padova"]
[Site "Padova"]
[Date "1998.12.20"]
[Round "6.12"]
[White "Litrico, Paolo"]
[Black "Lain, Luigi"]
[Result "0-1"]
[WhiteElo "1411"]
[BlackElo "1609"]
[Annotator "Gabriele Ballarin"]
[PlyCount "57"]
[EventDate "1998.12.13"]
[EventType "swiss"]
[EventRounds "6"]
[EventCountry "ITA"]

{[%evp 0,55,23,27,15,4,-13,-23,-16,-5,-4,4,7,17,20,21,49,23,32,31,37,39,27,29,22,29,45,35,32,34,46,38,54,33,3,3,20,-2,-2,-1,54,6,11,5,24,0,251,15,240,4,237,16,212,89,201,-257,-220,-361]} 1. d4 d5 2. c4 e6 3. cxd5 exd5 4. Nc3 Nf6 5. Bg5 Nbd7 6. e3 c6 7. Bd3 Be7 8. Qc2 h6 9. Bh4 Nh5 10. Bxe7 Qxe7 11. Qe2 Nhf6 12. Nf3 Nb6 13. Ne5 Be6 14. O-O O-O 15. Rac1 Nbd7 16. Nf3 Bg4 17. h3 Bh5 18. g4 Bg6 19. Bxg6 fxg6 20. Nh4 Kh7 21. Ng2 Rae8 22. Nf4 Nb6 23. Qc2 Qc7 24. Kg2 Ne4 25. Nxe4 Rxe4 26. Rh1 Kg8 27. Qe2 Qxf4 28. Rce1 Qf6 29. Qd1 0-1

[Event "1.Open A Città di Padova"]
[Site "Padova"]
[Date "1998.12.20"]
[Round "6.13"]
[White "Pavon, Michele"]
[Black "Carlassara, Renato"]
[Result "0-1"]
[WhiteElo "1600"]
[BlackElo "1555"]
[Annotator "Gabriele Ballarin"]
[PlyCount "88"]
[EventDate "1998.12.13"]
[EventType "swiss"]
[EventRounds "6"]
[EventCountry "ITA"]

1. e4 e5 2. Nf3 Nc6 3. Nc3 Nf6 4. d4 exd4 5. Nxd4 Bb4 6. Nxc6 bxc6 7. Bd3 d5 8. exd5 cxd5 9. O-O c6 10. Bg5 O-O 11. Qf3 Be7 12. Rfe1 Rb8 13. Na4 h6 14. Bh4 Rb4 15. Bxf6 Bxf6 16. Nc5 Rxb2 17. Rad1 Rxa2 18. Re2 Qb6 19. Nb3 a5 20. Rb1 a4 21. Nd2 Ra1 22. Ree1 Rxb1 23. Rxb1 Qa5 24. Qd1 Bc3 25. Nf3 a3 26. h3 a2 27. Ra1 Bxa1 28. Qxa1 c5 29. c3 Be6 30. Kf1 Rb8 31. Ne5 Rb3 32. Nc6 Qxc3 33. Qxa2 Qxd3+ 34. Kg1 Qb1+ 35. Qxb1 Rxb1+ 36. Kh2 c4 37. Nd4 Rd1 38. Nxe6 fxe6 39. f4 c3 40. Kg3 c2 41. f5 exf5 42. Kh4 c1=Q 43. g4 Rd3 44. g5 Qxg5# 0-1

[Event "1.Open A Città di Padova"]
[Site "Padova"]
[Date "1998.12.20"]
[Round "6.14"]
[White "Di Giacomo, Antonio"]
[Black "Fragni, Enrico"]
[Result "1-0"]
[WhiteElo "1552"]
[BlackElo "1822"]
[Annotator "Gabriele Ballarin"]
[PlyCount "91"]
[EventDate "1998.12.13"]
[EventType "swiss"]
[EventRounds "6"]
[EventCountry "ITA"]

1. d4 e6 2. c4 Bb4+ 3. Nc3 Nf6 4. Qc2 b6 5. f3 d5 6. e3 O-O 7. a3 Be7 8. Bd3 dxc4 9. Bxc4 Ba6 10. Bxa6 Nxa6 11. Nge2 c5 12. O-O Rc8 13. Qa4 cxd4 14. exd4 Nb8 15. Be3 a6 16. Qd1 Nd5 17. Nxd5 exd5 18. Qd2 Qd7 19. Rac1 Rc6 20. Rc3 Rfc8 21. Rfc1 Bf6 22. Bg5 Rxc3 23. Rxc3 Rxc3 24. bxc3 Qe7 25. Bxf6 Qxf6 26. Qf4 Nd7 27. Kf2 g5 28. Qc7 Nf8 29. Qb7 Qd6 30. Qxa6 Ne6 31. g3 h5 32. Qa4 h4 33. Qb4 hxg3+ 34. hxg3 Qc6 35. Nc1 Nc7 36. a4 Qg6 37. Ne2 Qh6 38. Qe7 Ne6 39. Qd6 Qh2+ 40. Ke3 Qh6 41. Qxd5 Qh1 42. Qe4 Qa1 43. d5 Nc5 44. Qb4 Nxa4 45. d6 Nc5 46. Nd4 {Nur} 1-0

[Event "1.Open A Città di Padova"]
[Site "Padova"]
[Date "1998.12.20"]
[Round "6.15"]
[White "Ballarin, Gabriele"]
[Black "Solinas, Roberto"]
[Result "1-0"]
[WhiteElo "1465"]
[BlackElo "1666"]
[Annotator "Gabriele Ballarin"]
[PlyCount "63"]
[EventDate "1998.12.13"]
[EventType "swiss"]
[EventRounds "6"]
[EventCountry "ITA"]
[SourceTitle "Ballarin Gabriele"]
[Source "Ballarin Gabrie"]
[SourceDate "2001.01.01"]
[SourceVersion "1"]
[SourceVersionDate "2001.01.01"]
[SourceQuality "1"]

1. e4 e5 2. Bc4 Bc5 3. Nf3 d6 4. Nc3 Bg4 5. Na4 Bb6 6. Nxb6 axb6 7. d3 Nf6 8. Bg5 O-O 9. h3 Bh5 10. c3 Nbd7 11. b4 Ra3 12. Qc2 Qa8 13. Bc1 Ra7 14. Nh2 Bg6 15. O-O Kh8 16. f4 exf4 17. Rxf4 Ne5 18. Bb3 Nh5 19. Rf2 f5 20. d4 fxe4 21. Rxf8+ Qxf8 22. dxe5 dxe5 23. Be3 Ng3 24. Qf2 Nf5 25. g4 Qc8 26. gxf5 Bxf5 27. Rf1 g6 28. Qg3 Qe8 29. Ng4 Bxg4 30. hxg4 Ra8 31. Rf7 Rd8 32. Qh4 1-0

[Event "1.Open A Città di Padova"]
[Site "Padova"]
[Date "1998.12.20"]
[Round "6.16"]
[White "Tresin, Ardilio"]
[Black "Badiale, Riccardo"]
[Result "0-1"]
[WhiteElo "1449"]
[BlackElo "1635"]
[Annotator "Gabriele Ballarin"]
[PlyCount "42"]
[EventDate "1998.12.13"]
[EventType "swiss"]
[EventRounds "6"]
[EventCountry "ITA"]

1. Nf3 Nf6 2. d4 d5 3. e3 Bg4 4. Nbd2 c6 5. Be2 Nbd7 6. O-O e6 7. h3 Bxf3 8. Nxf3 Bd6 9. c4 O-O 10. c5 Bc7 11. b4 b5 12. Bb2 Qe7 13. Ne5 Nxe5 14. dxe5 Nd7 15. f4 f6 16. Bd3 fxe5 17. fxe5 Rxf1+ 18. Qxf1 Rf8 19. Qe2 Qg5 20. a4 Nxe5 21. Bxe5 Qxe5 0-1

[Event "1.Open A Città di Padova"]
[Site "Padova"]
[Date "1998.12.20"]
[Round "6.17"]
[White "Tomio, Dante"]
[Black "Troise, Salvatore"]
[Result "1-0"]
[WhiteElo "1587"]
[BlackElo "1504"]
[Annotator "Gabriele Ballarin"]
[PlyCount "45"]
[EventDate "1998.12.13"]
[EventType "swiss"]
[EventRounds "6"]
[EventCountry "ITA"]

{[%evp 0,45,20,20,60,56,71,66,49,21,40,26,55,42,33,30,18,28,40,29,40,49,23,10,0,20,-1,17,18,27,78,80,92,85,107,32,52,14,146,96,129,-12,90,97,190,86,49,88]} 1. e4 c5 2. Nf3 d6 3. d4 cxd4 4. Nxd4 Nf6 5. Nc3 g6 6. Be3 Bg7 7. f3 O-O 8. Qd2 Bd7 9. g4 Nc6 10. h4 h5 11. gxh5 Nxh5 12. O-O-O Rc8 13. Rg1 Ne5 14. Bh6 Nc4 15. Bxc4 Rxc4 16. Bxg7 Kxg7 17. Rg5 Rh8 18. e5 e6 19. f4 d5 20. Rdg1 b5 21. f5 exf5 22. Nxf5+ Bxf5 23. Rxf5 {Nur} 1-0

[Event "1.Open A Città di Padova"]
[Site "Padova"]
[Date "1998.12.20"]
[Round "6.18"]
[White "Saponara, Nicola"]
[Black "Verdi, Ruben"]
[Result "1-0"]
[WhiteElo "1576"]
[BlackElo "1500"]
[Annotator "Gabriele Ballarin"]
[PlyCount "61"]
[EventDate "1998.12.13"]
[EventType "swiss"]
[EventRounds "6"]
[EventCountry "ITA"]

1. e4 c5 2. f4 d6 3. Nf3 g6 4. c3 Nc6 5. Bd3 Bg7 6. Bc2 b6 7. O-O Bb7 8. d3 Nf6 9. Ng5 O-O 10. h3 e6 11. Bb3 d5 12. e5 Ne8 13. d4 f6 14. Nxe6 Qd7 15. Nxf8 Kxf8 16. dxc5 d4 17. cxb6 axb6 18. Be3 Rd8 19. cxd4 Nxd4 20. Qxd4 Qc6 21. Qb4+ Nd6 22. Rf2 fxe5 23. fxe5+ Ke7 24. exd6+ Rxd6 25. Bg5+ Kd7 26. Ba4 b5 27. Bxb5 Rd1+ 28. Rf1 Bd4+ 29. Qxd4+ Rxd4 30. Bxc6+ Bxc6 31. Nc3 1-0

[Event "1.Open A Città di Padova"]
[Site "Padova"]
[Date "1998.12.20"]
[Round "6.19"]
[White "Battiston, Alan Doris"]
[Black "Pilotto, Alessandro"]
[Result "1-0"]
[WhiteElo "1800"]
[BlackElo "1467"]
[Annotator "Gabriele Ballarin"]
[PlyCount "57"]
[EventDate "1998.12.13"]
[EventType "swiss"]
[EventRounds "6"]
[EventCountry "ITA"]

1. e4 e6 2. d4 c5 3. c3 Nc6 4. Nf3 h6 5. a3 a6 6. Bd3 b5 7. O-O Nf6 8. Be3 c4 9. Bc2 Bb7 10. Bf4 Be7 11. Nbd2 d6 12. h3 Nh7 13. Be3 Ng5 14. Nh2 Nb8 15. f4 Nh7 16. e5 Nd7 17. Qh5 Ndf8 18. Rf2 Qd7 19. a4 Bc6 20. axb5 Bxb5 21. f5 Bg5 22. Re1 Qe7 23. exd6 Qxd6 24. Ne4 Qe7 25. fxe6 Nxe6 26. d5 g6 27. Qe2 Ng7 28. Bxg5 hxg5 29. Nd6+ 1-0

[Event "1.Open A Città di Padova"]
[Site "Padova"]
[Date "1998.12.20"]
[Round "6.20"]
[White "Quaranta, Gaetano"]
[Black "Pastore, Mauro"]
[Result "1-0"]
[WhiteElo "1558"]
[BlackElo "1648"]
[Annotator "Gabriele Ballarin"]
[PlyCount "49"]
[EventDate "1998.12.13"]
[EventType "swiss"]
[EventRounds "6"]
[EventCountry "ITA"]

1. e4 c5 2. d4 cxd4 3. c3 dxc3 4. Nxc3 g6 5. Nf3 Bg7 6. Bc4 d6 7. O-O Nc6 8. Qe2 Nf6 9. Rd1 Qa5 10. Bd2 O-O 11. Nd5 Qd8 12. Bc3 Nxd5 13. Bxg7 Kxg7 14. Bxd5 Bg4 15. Rac1 Rc8 16. h3 Bxf3 17. Qxf3 Ne5 18. Qe3 Rxc1 19. Rxc1 b6 20. f4 Nd7 21. Bb7 Nc5 22. Bd5 Qb8 23. b4 Ne6 24. Rc6 Rc8 25. Qc3+ 1-0

[Event "1.Open A Città di Padova"]
[Site "Padova"]
[Date "1998.12.20"]
[Round "6.21"]
[White "Sanavio, Giancarlo"]
[Black "Carletto, Biagio"]
[Result "0-1"]
[WhiteElo "1627"]
[BlackElo "1555"]
[Annotator "Gabriele Ballarin"]
[PlyCount "82"]
[EventDate "1998.12.13"]
[EventType "swiss"]
[EventRounds "6"]
[EventCountry "ITA"]

1. Nf3 d6 2. d4 Nf6 3. g3 g6 4. Bg2 Bg7 5. O-O O-O 6. c4 c6 7. Nc3 Na6 8. e4 Qc7 9. e5 Nh5 10. Re1 dxe5 11. Nxe5 Rd8 12. f4 Nc5 13. Be3 Bxe5 14. fxe5 Ng7 15. Qe2 Nce6 16. d5 Nf8 17. Bf4 Nf5 18. Qf2 cxd5 19. g4 Qxc4 20. gxf5 Bxf5 21. Bf1 Bd3 22. Bxd3 Qxd3 23. Rad1 Qc4 24. Rd4 Qc6 25. Red1 Ne6 26. Nxd5 Rxd5 27. Rxd5 Qc4 28. Bh6 Qg4+ 29. Qg3 Qh5 30. Bd2 Qxd1+ 31. Kg2 Rc8 32. Qf3 Qa4 33. Bc3 Qh4 34. Kh1 Rc4 35. Qd3 Rxc3 36. Rd8+ Nxd8 37. Qxd8+ Kg7 38. bxc3 Qe1+ 39. Kg2 Qxe5 40. Qc8 Qb5 41. c4 Qc6+ 0-1

[Event "1.Open A Città di Padova"]
[Site "Padova"]
[Date "1998.12.20"]
[Round "6.22"]
[White "Nagliati, Paolo"]
[Black "Quaranta, Cristiano"]
[Result "1-0"]
[WhiteElo "1591"]
[BlackElo "1491"]
[Annotator "Gabriele Ballarin"]
[PlyCount "133"]
[EventDate "1998.12.13"]
[EventType "swiss"]
[EventRounds "6"]
[EventCountry "ITA"]

1. e4 c5 2. Nc3 Nc6 3. g3 Nf6 4. Bg2 d6 5. h3 g6 6. d3 Bg7 7. Be3 O-O 8. Nge2 Bd7 9. O-O Qc8 10. Kh2 b5 11. Qd2 b4 12. Nd1 Ne5 13. Ng1 a5 14. f4 Nc6 15. Nf2 Ne8 16. c3 bxc3 17. bxc3 Nc7 18. Rab1 Rb8 19. g4 Nb5 20. Nd1 Na3 21. Rb2 Nb1 22. Qc2 Rxb2 23. Qxb2 Qb8 24. Qc1 Qb5 25. c4 Qb6 26. Rf2 Rb8 27. e5 Qa7 28. Rb2 Rxb2 29. Qxb2 Qb8 30. Qxb8+ Nxb8 31. exd6 exd6 32. Bc1 Nc6 33. Bxc6 Bxc6 34. Kg3 Nc3 35. Nxc3 Bxc3 36. Kf2 Kf8 37. Ne2 Bf6 38. g5 Bg7 39. Bd2 a4 40. Ke3 Bg2 41. h4 Ke7 42. Bc3 Bxc3 43. Nxc3 Bc6 44. Ne4 Bxe4 45. dxe4 Kd7 46. e5 dxe5 47. fxe5 Ke7 48. Ke4 Ke6 49. a3 Kd7 50. Kd5 Kc7 51. Kxc5 Kd7 52. Kb6 Ke6 53. c5 Kxe5 54. c6 f5 55. gxf6 Kxf6 56. c7 g5 57. hxg5+ Kxg5 58. c8=Q h5 59. Qh3 h4 60. Kc5 Kh5 61. Kd5 Kg5 62. Ke5 Kh5 63. Kf4 Kh6 64. Qxh4+ Kg7 65. Qe7+ Kh8 66. Kg5 Kg8 67. Kg6 1-0

[Event "1.Open A Città di Padova"]
[Site "Padova"]
[Date "1998.12.20"]
[Round "6.23"]
[White "Salata, Alessio"]
[Black "Ceccherini, Paolo"]
[Result "1-0"]
[WhiteElo "1552"]
[BlackElo "1606"]
[Annotator "Gabriele Ballarin"]
[PlyCount "80"]
[EventDate "1998.12.13"]
[EventType "swiss"]
[EventRounds "6"]
[EventCountry "ITA"]

1. f4 Nc6 2. e3 e5 3. fxe5 Nxe5 4. Nf3 Ng6 5. Be2 d5 6. O-O Nf6 7. b3 Bd6 8. Bb2 Qe7 9. c4 Be6 10. Ng5 O-O-O 11. Bxf6 gxf6 12. Nxe6 fxe6 13. cxd5 exd5 14. Bg4+ Kb8 15. Nc3 Qe5 16. g3 h5 17. Rf5 Qe7 18. Nxd5 Qe4 19. Nxf6 Qe6 20. Nxh5 Ne5 21. Nf4 Qg8 22. Bf3 Qh7 23. Rh5 Qf7 24. Rxh8 Rxh8 25. Qe2 Qg7 26. Rf1 Nxf3+ 27. Rxf3 Qa1+ 28. Rf1 Qxa2 29. Qd1 Rd8 30. Rf2 Qa3 31. d4 a5 32. Qb1 Qb4 33. Nd3 Qb5 34. Qc2 Qg5 35. Nf4 Re8 36. Qd3 Bb4 37. e4 Rd8 38. Kg2 Bc5 39. Ne6 Qe5 40. Nxd8 Qe7 1-0

[Event "1.Open A Città di Padova"]
[Site "Padova"]
[Date "1998.12.20"]
[Round "6.24"]
[White "Crestani, Federico"]
[Black "Borgato, Alessandro"]
[Result "1/2-1/2"]
[WhiteElo "1564"]
[BlackElo "1500"]
[Annotator "Gabriele Ballarin"]
[PlyCount "113"]
[EventDate "1998.12.13"]
[EventType "swiss"]
[EventRounds "6"]
[EventCountry "ITA"]

1. d4 c6 2. c4 d5 3. Nc3 Nf6 4. Bg5 Nbd7 5. cxd5 cxd5 6. Qa4 e6 7. Nf3 Be7 8. e3 O-O 9. Bd3 a6 10. O-O b5 11. Qc2 Bb7 12. a3 Rc8 13. Bxf6 Nxf6 14. Qb1 g6 15. Rc1 Kg7 16. h3 Qd6 17. Ne5 Nd7 18. Nxd7 Qxd7 19. Rc2 Bd6 20. Qd1 f5 21. f4 h5 22. g4 hxg4 23. hxg4 Rh8 24. Rh2 Rxh2 25. Kxh2 Rh8+ 26. Kg2 Kf8 27. g5 Rh4 28. Be2 Qh7 29. Qg1 e5 30. fxe5 Bxe5 31. Bf3 Rh2+ 32. Kf1 Bd6 33. b4 Qh3+ 34. Bg2 Qg3 35. Ra2 Qxg5 36. Bf3 Qxg1+ 37. Kxg1 Rxa2 38. Nxa2 Ke7 39. Nc1 f4 40. Nd3 fxe3 41. Kf1 Bg3 42. Ke2 Bf2 43. Bg4 Kd6 44. Ne5 g5 45. Nf7+ Ke7 46. Nxg5 Kf6 47. Nf3 Bc6 48. Ne5 Bb7 49. Nd7+ Kg5 50. Bf3 a5 51. Nb6 axb4 52. axb4 Kf4 53. Nxd5+ Bxd5 54. Bxd5 Bh4 55. Bc6 Be7 56. Bxb5 Ke4 57. Bc6+ 1/2-1/2

[Event "1.Open A Città di Padova"]
[Site "Padova"]
[Date "1998.12.20"]
[Round "6.25"]
[White "Fontana, Alessandro"]
[Black "Moschini, Costantino"]
[Result "0-1"]
[WhiteElo "1500"]
[BlackElo "1579"]
[Annotator "Gabriele Ballarin"]
[PlyCount "108"]
[EventDate "1998.12.13"]
[EventType "swiss"]
[EventRounds "6"]
[EventCountry "ITA"]

1. e4 d6 2. d4 Nf6 3. Nc3 g6 4. Bc4 Bg7 5. f4 O-O 6. Nge2 Nxe4 7. Nxe4 d5 8. Bd3 dxe4 9. Bxe4 f5 10. Bf3 c6 11. O-O Qb6 12. c3 Rd8 13. Qd3 Be6 14. b3 c5 15. dxc5 Qc7 16. Qe3 Bf7 17. Bb2 Nc6 18. Rad1 e5 19. Bxc6 bxc6 20. fxe5 Re8 21. c4 Bxe5 22. Bxe5 Rxe5 23. Qf2 Rae8 24. Nc3 Re3 25. Qd2 Qe5 26. Rc1 g5 27. Qd6 f4 28. Qxe5 R3xe5 29. Na4 Re2 30. Rf2 Bh5 31. Rc2 Re1+ 32. Rf1 g4 33. Kf2 g3+ 34. hxg3 fxg3+ 35. Kg1 R8e2 36. Rc3 Re3 37. Rc2 Bg6 38. Rd2 Bd3 39. Rxd3 Rxf1+ 40. Kxf1 Rxd3 41. Ke2 Rd8 42. Kf3 Rd3+ 43. Ke2 Rd8 44. Nc3 Rf8 45. Ne4 Re8 46. Kd3 Kg7 47. Nxg3 Kg6 48. Ne4 Rd8+ 49. Ke3 Kf5 50. g3 Re8 51. g4+ Kxg4 52. Kd4 Kf4 53. Nd6 Re2 54. a3 h5 0-1

[Event "1.Open A Città di Padova"]
[Site "Padova"]
[Date "1998.12.20"]
[Round "6.26"]
[White "Palmieri, Vincenzo"]
[Black "Frugoni, Giulio"]
[Result "1-0"]
[WhiteElo "1600"]
[BlackElo "1522"]
[Annotator "Gabriele Ballarin"]
[PlyCount "57"]
[EventDate "1998.12.13"]
[EventType "swiss"]
[EventRounds "6"]
[EventCountry "ITA"]

1. e4 c5 2. f4 d6 3. Bb5+ Nc6 4. Nf3 Bg4 5. O-O Nf6 6. h3 Bd7 7. e5 dxe5 8. fxe5 Nxe5 9. Bxd7+ Nexd7 10. d4 e6 11. Bg5 cxd4 12. Nxd4 Bc5 13. Kh1 Rc8 14. c3 O-O 15. Nb5 Qb6 16. Qe2 Nd5 17. c4 Ne3 18. Rf3 Nf5 19. N1c3 Bd4 20. Rd1 Ne5 21. Rxf5 exf5 22. Nxd4 $1 Nxc4 23. Nxf5 Kh8 24. b3 Rfe8 25. Qg4 Ne5 26. Qg3 Qg6 27. Nd6 Qc2 28. Nxc8 Rxc8 29. Qxe5 1-0

[Event "1.Open A Città di Padova"]
[Site "Padova"]
[Date "1998.12.20"]
[Round "6.27"]
[White "Muradore, Aldo"]
[Black "Alessi, Giovanni"]
[Result "1-0"]
[WhiteElo "1455"]
[BlackElo "1400"]
[Annotator "Gabriele Ballarin"]
[PlyCount "147"]
[EventDate "1998.12.13"]
[EventType "swiss"]
[EventRounds "6"]
[EventCountry "ITA"]

1. d4 d5 2. Nf3 e6 3. Bf4 Nf6 4. Bg5 Nbd7 5. e3 Be7 6. Bxf6 Nxf6 7. Bd3 Bd6 8. O-O c6 9. Nbd2 Qc7 10. c4 b6 11. cxd5 exd5 12. Rc1 Bb7 13. Re1 O-O-O 14. e4 dxe4 15. Nxe4 Nxe4 16. Bxe4 Kb8 17. d5 g6 18. Qb3 c5 19. h3 f5 20. Bd3 Bxd5 21. Bc4 Be4 22. Ng5 Qb7 23. f3 Bc6 24. Nf7 Bg3 25. Re2 b5 26. Nxd8 Rxd8 27. Be6 c4 28. Qe3 Bc7 29. Qg5 Bb6+ 30. Kh1 a6 31. Rce1 Bc7 32. Bf7 Ka7 33. Re7 Qb6 34. Qe3 Kb7 35. Qxb6+ Kxb6 36. R7e6 Kb7 37. Be8 Bd5 38. Re7 c3 39. bxc3 Bxa2 40. Rd7 Rxd7 41. Bxd7 Bc4 42. Re7 a5 43. Rxh7 Bd3 44. Be8 a4 45. Re7 g5 46. Bf7 Kb6 47. Bg6 a3 48. Bf7 Bd6 49. Re1 Bf4 50. Ra1 Bd6 51. Rd1 b4 52. cxb4 Bxb4 53. Rxd3 Kc6 54. Ba2 Be7 55. g3 f4 56. gxf4 gxf4 57. Rd5 Bh4 58. Kg2 Kb6 59. Kf1 Ka6 60. Ke2 Kb6 61. Kd3 Kc6 62. Ke4 Bg3 63. Kf5 Bh2 64. h4 Bg1 65. h5 Be3 66. h6 Bc1 67. h7 Bb2 68. Kxf4 Kb6 69. Kf5 Ka6 70. Kg6 Kb6 71. Kf7 Kc7 72. Kg8 Kc6 73. h8=Q Bxh8 74. Kxh8 1-0

[Event "Simultanea Efimov"]
[Site "Padova"]
[Date "1998.12.16"]
[Round "?"]
[White "Efimov, Igor"]
[Black "Ballarin, Gabriele"]
[Result "1/2-1/2"]
[WhiteElo "2530"]
[BlackElo "1486"]
[Annotator "Gabriele Ballarin"]
[PlyCount "82"]
[EventDate "1998.12.16"]
[EventType "simul"]
[EventCountry "ITA"]
[SourceTitle "Ballarin Gabriele"]
[Source "Ballarin Gabrie"]
[SourceDate "2001.01.01"]
[SourceVersion "1"]
[SourceVersionDate "2001.01.01"]
[SourceQuality "1"]

1. b3 Nf6 2. Bb2 c5 3. c4 Nc6 4. Nf3 b6 5. g3 Bb7 6. Bg2 Qc7 7. O-O e6 8. Nc3 Nd4 9. Nxd4 Bxg2 10. Kxg2 cxd4 11. Nb5 Qc6+ 12. Kg1 e5 13. e3 a6 14. exd4 axb5 15. dxe5 Ne4 16. cxb5 Qxb5 17. d3 Nc5 18. d4 Ne6 19. d5 Nc5 20. Re1 Qd3 21. d6 Qxd1 22. Rexd1 h5 23. f4 h4 24. Kg2 Rh7 25. g4 g6 26. g5 Bg7 27. h3 Kf8 28. Bd4 Ne6 29. Be3 Nxg5 30. fxg5 Bxe5 31. Bxb6 Bxa1 32. Rxa1 Rh5 33. Be3 Ra5 34. a4 f6 35. b4 Ra6 36. b5 Rxd6 37. b6 Kf7 38. b7 Rh8 39. a5 Ra6 40. Rb1 Rb8 41. Rb5 f5 1/2-1/2

[Event "Simultanea Efimov"]
[Site "Padova"]
[Date "1998.12.16"]
[Round "?"]
[White "Efimov, Igor"]
[Black "Renier, Renzo"]
[Result "0-1"]
[WhiteElo "2530"]
[BlackElo "1900"]
[Annotator "Gabriele Ballarin"]
[PlyCount "52"]
[EventDate "1998.12.16"]
[EventType "simul"]
[EventCountry "ITA"]
[SourceTitle "Ballarin Gabriele"]
[Source "Ballarin Gabrie"]
[SourceDate "2001.01.01"]
[SourceVersion "1"]
[SourceVersionDate "2001.01.01"]
[SourceQuality "1"]

1. e4 e6 2. d4 d5 3. Nd2 Nf6 4. Bd3 c5 5. e5 Nfd7 6. c3 Nc6 7. Ne2 Qb6 8. Nf3 Be7 9. O-O O-O 10. a3 cxd4 11. cxd4 f6 12. exf6 Nxf6 13. Nc3 Bd7 14. b4 Rac8 15. Na4 Qc7 16. Re1 b6 17. Bg5 Ng4 18. Bxe7 Rxf3 19. Qxf3 Qxh2+ 20. Kf1 Qh1+ 21. Ke2 Nxd4+ 22. Kd2 Qh6+ 23. Qe3 Nxe3 24. fxe3 Nb3+ 25. Ke2 Qh5+ 26. Kf2 Nxa1 0-1

[Event "59.Camp. Veneto Quarti di Finale"]
[Site "Venezia Canal"]
[Date "1999.05.14"]
[Round "1.1"]
[White "Rosino, Antonio"]
[Black "Viola, Matteo"]
[Result "1-0"]
[WhiteElo "2275"]
[BlackElo "1880"]
[Annotator "Gabriele Ballarin"]
[PlyCount "57"]
[EventDate "1999.05.14"]
[EventType "swiss"]
[EventCountry "ITA"]
[SourceTitle "CBM 001"]
[Source "ChessBase"]
[SourceDate "2004.01.01"]
[SourceVersion "1"]
[SourceVersionDate "2004.01.01"]
[SourceQuality "1"]

1. e4 e5 2. Nf3 f5 3. Nxe5 Qf6 4. Nc4 fxe4 5. Nc3 Qf7 6. d3 exd3 7. Bxd3 d5 8. Nxd5 Bc5 9. Qe2+ Kd8 10. Bg5+ Nf6 11. Nxf6 gxf6 12. O-O-O Nd7 13. Qf3 Rf8 14. Bh4 Rb8 15. Rhe1 b6 16. b3 Qg7 17. Bf5 Qh6+ 18. Rd2 Qxh4 19. Red1 Rf7 20. Qd5 Ke8 21. g3 Qg5 22. Re1+ Kf8 23. f4 Qg7 24. Rde2 Bb7 25. Qxb7 Re7 26. Qxc7 Rbe8 27. Rxe7 Bxe7 28. Qxd7 Ba3+ 29. Kd1 1-0